00743nam a22002057a 450000500170000001000150001702000250003203500130005703700130007008200110008310000340009424501110012826000420023927000600028130000340034170000090037594200250038499900170040995201110042620100818104120.0 aENG-100776 a978812074712c100.00 aEN-84309 bDBAD/PUB a230.35 aKakarya, Rabinder Nath914523 aShri Sai Baba the saviour :cby Rabinder Nath Kakaryablife sketch of shri Sai Baba, the saint of shirdi / aNew DelhibSterling Paperbacks c2009 aA-59, Okhla Industrial Area Phase-IIbNew Delhie110020 axvi,127 p. :c23cm (Pbk)bill 94162 2ddccENh230.35mKAK c42340d42340 001040718NFICaDBADbLd2010-08-18g100.00l0o230.35 KAKpEN-84309r2010-08-18 00:00:00t1v100.00yEN